000 00467nam a2200193Ia 4500
003 OSt
005 20230309113111.0
008 210210b1932 xxu||||| |||| 00| 0 eng d
040 _cAL
041 _aeng
082 _a387/14 SUTP
100 _aSUTARIA (D C)
_974749
245 _aPractical commercial arithmetic
260 _aBombay
_bOxford University Press
_c1932
300 _axii,426
690 _aArithmetics
_974750
906 _a005658
942 _2ddc
_cBK
999 _c125697
_d125697